Giáo trình cài đặt và điều hành mạng máy tính Sách dùng cho các trường đào tạo hệ trung học chuyên nghiệp

Bewaard in:
Bibliografische gegevens
Hoofdauteur: Nguyễn Vũ Sơn
Formaat: Boek
Gepubliceerd in: H. Giáo Dục 2005
Editie:Tái bản lần thứ 1
Onderwerpen:
Tags: Voeg label toe
Geen labels, Wees de eerste die dit record labelt!
Thư viện lưu trữ: Trung tâm Học liệu Lê Vũ Hùng, Trường Đại học Đồng Tháp
LEADER 01019pam a22002658a 4500
001 00022412
005 20171026081022.0
008 110530s2005 ||||||Viesd
020 |c 12000 
041 0 # |a Vie 
082 1 4 |a 004.6  |b GI108TR 
100 0 # |a Nguyễn Vũ Sơn 
245 0 0 |a Giáo trình cài đặt và điều hành mạng máy tính  |b Sách dùng cho các trường đào tạo hệ trung học chuyên nghiệp  |c Nguyễn Vũ Sơn 
250 # # |a Tái bản lần thứ 1 
260 # # |a H.  |b Giáo Dục  |c 2005 
300 # # |a 136 tr.  |c 24 cm. 
653 # # |a Cài đặt 
653 # # |a Mạng máy tính 
653 # # |a Điều hành 
852 # # |b Kho giáo trình  |j KGT.0000871, KGT.0000872, KGT.0000873 
852 # # |b Kho mượn  |j KGT.0000871 
852 # # |b Kho đọc  |j KD.0007355 
852 # # |j KGT.0000872  |j KGT.0000873  |j KD.0007355  |j KGT.0000871 
910 0 # |a kìm  |d 30/05/2011 
980 # # |a Trung tâm Học liệu Lê Vũ Hùng, Trường Đại học Đồng Tháp